[Event "Hasselbacken Open 2019"]
[Site "Stockholm"]
[Date "2019.11.01"]
[Round "3.2"]
[White "Ask, Josef"]
[Black "Sjodahl, Pontus"]
[Result "0-1"]
[WhiteElo "2160"]
[BlackElo "2441"]
[Annotator "TA"]
[PlyCount "50"]
[EventDate "2019.11.01"]
[EventCountry "SWE"]
[SourceTitle "playchess.com"]
[Source "ChessBase"]
[SourceQuality "1"]

{[%evp 14,50,4,-6,9,0,3,9,3,-20,-30,-95,-81,-90,-83,-91,-86,-82,-39,-111,-96,-108,-94,-118,-97,-149,-150,-177,-173,-179,-170,-256,-247,-243,-202,-752,-748,-745,-533]} 1. e4 e6 2. d3 d5 3. Nd2 Nf6 4. Ngf3 Nc6 5. c3 e5 6. Be2 Bd6 7. O-O O-O 8. b4 {[%cal Bb2b4,Bb4b5][%mdl 32]} a5 {[%cal Ba7a5,Ba5a4][%mdl 32] C44: Ponziani Opening and Scotch Gambit} 9. b5 Ne7 {[%cal Bc6e7,Be7g6,Bg6f4][%mdl 32]} 10. d4 $146 ({Predecessor:} 10. Re1 Ng6 11. Bf1 a4 12. g3 Be6 13. exd5 Bxd5 14. c4 Be6 15. Bb2 Re8 16. Qc2 {0-1 (29) Zhang,Z (2645)-Svane,R (2555) Doha 2016}) 10... Ng6 {The position is equal.} 11. exd5 Nxd5 12. Qb3 (12. Qc2 $11) 12... Ngf4 13. Bc4 a4 $36 {[%mdl 2048] Keeping White busy.} 14. Qc2 exd4 15. cxd4 Nb6 16. Bd3 (16. Re1 $15) 16... Nxd3 $17 17. Qxd3 Be6 18. Re1 Qd7 19. Nf1 (19. Ne4 $142) 19... Bf5 20. Qd1 Qxb5 21. Ne3 Bg6 22. d5 (22. Ne5 {might work better.}) 22... Rfe8 $19 23. Nd4 Qd3 24. Qg4 $2 (24. Qxd3 Bxd3 25. Bd2) 24... Re4 25. Rd1 {[#]} Qc3 {Played: Qd3xe3} 0-1

[Event "Hasselbacken Open 2019"]
[Site "Stockholm"]
[Date "2019.11.01"]
[Round "3.3"]
[White "Seo, Jung Min"]
[Black "Nordebrink, Johan"]
[Result "1-0"]
[WhiteElo "2433"]
[BlackElo "2117"]
[Annotator "TA"]
[PlyCount "79"]
[EventDate "2019.11.01"]
[EventCountry "SWE"]
[SourceTitle "playchess.com"]
[Source "ChessBase"]
[SourceQuality "1"]

{[%evp 14,79,24,0,83,81,89,83,173,152,162,161,177,121,120,114,94,79,79,79,83,53,114,38,48,60,49,48,41,50,45,29,45,39,33,0,67,69,120,114,118,111,200,185,193,198,193,77,83,87,85,61,182,182,197,196,528,531,524,522,505,501,5119,4579,4790,1185,1017,643]} 1. c4 Nf6 2. Nc3 e5 3. Nf3 Nc6 4. g3 Bb4 5. Bg2 O-O 6. O-O Re8 7. d3 h6 8. e4 Nd4 $146 {A29: English Opening: Four Knights Variation with 4 g3} (8... a5 $11) ({Predecessor:} 8... Bc5 9. Be3 d6 10. h3 a5 11. a3 Bd7 12. Kh2 Bxe3 13. fxe3 Ne7 14. b4 Ng6 15. Qd2 c6 16. d4 {½-½ (41) Klekowski,M (2509)-Bartel,M (2602) Poland 2018}) 9. Nxd4 $16 exd4 10. Ne2 c5 {[#]} (10... Bc5 $16 {was necessary.}) 11. a3 $1 $18 {[%cal Ra3b4]} Ba5 {[#]} 12. b4 $1 {[%cal Rb4a5][%mdl 512]} cxb4 13. axb4 (13. Nxd4 $18 bxa3 14. Qb3 (14. Rxa3 d6 $16) (14. Bxa3 Bc3 $16)) 13... Bxb4 $16 14. Bb2 ({Of course not} 14. Nxd4 $6 Bc3 $11) 14... a5 15. Bxd4 d6 16. Nf4 Bd7 17. Qb3 Bc6 (17... Rb8 $14) 18. Kh1 (18. Qb2 $16) 18... Nd7 19. Qb2 Ne5 20. Rfd1 Bc5 21. Bc3 {d4 is the strong threat.} Qb6 22. Qxb6 Bxb6 23. Kg1 a4 24. Rdb1 Ra6 ({Better is} 24... Bd8 $11) 25. d4 $14 Ng6 (25... Nxc4 $14 26. Rb4 Ba5 27. Rxc4 Bb5) 26. Nd5 $36 {[%mdl 2048] White is really pushing.} Bxd5 27. exd5 Re7 (27... Ba5 $16 28. Bxa5 Rxa5) 28. Bf1 {Hoping for c5!} Ba5 29. Bb2 Bb4 30. c5 (30. Ra2 $18 {has better winning chances.}) 30... Ra7 31. c6 Rc7 32. Bb5 a3 (32... bxc6 $14 33. dxc6 Ra5) 33. Bc1 $18 Bc3 {White must now prevent ...a2.} 34. Rxa3 Rxa3 $2 (34... bxc6 {is more resistant.} 35. Rxa7 {[%mdl 64] Overworked Piece} (35. Rxc3 cxb5 36. Rxc7 Rxc7 $16) (35. Bxc6 Bxd4 36. Rb8+ Kh7 $14) 35... Rxa7 36. dxc6 Bxd4) 35. Bxa3 {White is clearly winning.} bxc6 36. dxc6 Bxd4 37. Bxd6 Be5 (37... Rc8 $142 38. c7 Bc5) 38. Bxc7 Bxc7 39. Bc4 Ne5 40. Rb7 {Played: Bc4-d5} 1-0

[Event "Hasselbacken Open 2019"]
[Site "Stockholm"]
[Date "2019.11.01"]
[Round "3.4"]
[White "Evertsson, Lennart"]
[Black "Peng, Li Min"]
[Result "0-1"]
[WhiteElo "2161"]
[BlackElo "2454"]
[Annotator "TA"]
[PlyCount "64"]
[EventDate "2019.11.01"]
[EventCountry "SWE"]
[SourceTitle "playchess.com"]
[Source "ChessBase"]
[SourceQuality "1"]

{[%evp 9,64,41,47,44,70,52,56,18,53,22,46,-20,3,12,41,-68,-81,-79,-77,-77,-69,-64,-70,-78,-68,-99,-91,-127,-112,-102,-116,-170,-163,-170,-170,-170,-170,-170,-171,-183,-169,-166,-171,-163,-158,-158,-123,-152,-106,-197,-135,-135,-64,-704,-701,-657,-636]} 1. c4 g6 2. Nf3 Bg7 3. Nc3 d6 4. d4 Nh6 (4... c6 5. e4 Bg4 6. Be2 Nd7 7. O-O Ngf6 8. Be3 O-O 9. h3 Bxf3 10. Bxf3 a6 11. a3 Rc8 12. Be2 b5 13. Qd2 Nb6 14. b3 Nfd7 15. Rfd1 bxc4 16. bxc4 c5 17. dxc5 Nxc5 {½-½ (31) Jakovenko,D (2735)-Andreikin,D (2719) St Petersburg 2018}) 5. g3 O-O 6. Bg2 {A41: 1 d4 d6: Tartakower System and Modern Defence} Nc6 7. O-O Bg4 8. e3 $146 {White is slightly better.} ({Predecessor:} 8. d5 Bxf3 9. exf3 Ne5 10. b3 Nf5 11. Bb2 c5 12. f4 {0-1 (41) Haselhorst,H (2230)-Bree,T Muenster 1995}) 8... Qc8 9. Qd3 Nb4 10. Qe4 (10. Qb1 $14) 10... f5 11. Qb1 $1 e5 12. d5 (12. Ng5 $14) 12... Bxf3 $15 13. Bxf3 e4 $36 {[%mdl 2048] Black is really pushing.} 14. Be2 Bxc3 15. bxc3 Na6 16. Ba3 Nf7 17. Qb5 {[#]} b6 $1 18. f4 {[#]} exf3 $1 19. Bxf3 Ne5 20. Bg2 (20. Be2 $17 {is a better defense.}) 20... Nc5 $19 21. Rad1 a6 22. Qb1 Nxc4 23. Bxc5 bxc5 ({Don't play} 23... dxc5 24. d6 $17) 24. Qc1 Qe8 25. e4 fxe4 {Strongly threatening ...e3.} 26. Rxf8+ Qxf8 27. Bxe4 Re8 28. Bd3 Ne5 {aiming for ...Qf3.} 29. Bxa6 (29. Rf1 $17 Qe7 30. Bxa6) 29... Ra8 (29... Nf3+ $19 30. Kg2 Qf5) 30. Rf1 $17 Nf3+ (30... Qb8 $17 31. Be2 Rxa2) 31. Rxf3 $4 {[%mdl 8192]} (31. Kh1 $15 Rxa6 32. Qe3) 31... Qxf3 $19 32. Bc4 Ra4 {Accuracy: White = 24%, Black = 66%.} 0-1

[Event "Hasselbacken Open 2019"]
[Site "Stockholm"]
[Date "2019.11.01"]
[Round "3.5"]
[White "Roshka, Yevgeniy"]
[Black "Jakenberg, Jussi"]
[Result "1-0"]
[WhiteElo "2369"]
[BlackElo "2097"]
[Annotator "TA"]
[PlyCount "79"]
[EventDate "2019.11.01"]
[EventCountry "SWE"]
[SourceTitle "playchess.com"]
[Source "ChessBase"]
[SourceQuality "1"]

{[%evp 17,79,57,49,-18,34,-45,-33,-62,-5,-162,-154,-161,-43,-42,-38,-33,-40,-66,0,-15,-8,-23,0,-60,202,200,183,179,184,176,180,180,166,174,281,278,267,224,230,223,216,219,228,217,297,231,233,210,1535,1268,1290,701,29959,29959,29961,29962,29969,29970,29970,29969,29978,29979,29980,29981]} 1. e4 g6 2. d4 Bg7 3. Nc3 c6 4. Nf3 d5 5. h3 Nf6 6. e5 Ne4 7. Nxe4 dxe4 8. Ng5 c5 9. Bc4 O-O $1 10. e6 {B15: Caro-Kann: 3 Nc3: 3...g6 and 3...dxe4 4 Nxe4 Nf6 5 Nxf6+ exf6} ({But not} 10. dxc5 Qxd1+ 11. Kxd1 Nc6 $11) ({White should try} 10. c3 $14) (10. c3 cxd4 11. cxd4 Nc6 12. Be3 Qa5+ 13. Kf1 h6 14. Nxe4 Rd8 15. f4 b5 16. Bb3 Nxd4 17. Bxd4 Qb4 18. Qf3 Rxd4 19. a3 Qa5 20. Nf6+ Bxf6 21. exf6 Qb6 22. f5 Bb7 23. Qg3 g5 24. fxe7 Re8 25. Re1 Rf4+ 26. Ke2 Qd4 {0-1 (26) Xiong,J (2674)-Shabalov,A (2556) Saint Louis 2017}) 10... f5 (10... f6 $11 11. Nxe4 cxd4) 11. dxc5 $146 (11. d5 $14) ({Predecessor:} 11. c3 cxd4 12. cxd4 b5 13. Nf7 Qb6 14. Bd5 Bxe6 15. Bxa8 Bxf7 16. d5 a5 17. d6 e6 {0-1 (38) Balkiewicz,E (2061)-Foisor,C (2417) Germany 2005}) 11... Qa5+ $15 12. c3 $1 {Black is slightly better.} Qxc5 (12... Bxc3+ $15 13. bxc3 Qxc3+ {[%mdl 64] Double Attack} 14. Qd2 Qxc4) 13. Qd5 $2 {[#]} (13. Bb3 $11) 13... Qxd5 $19 14. Bxd5 Nc6 (14... h6 $19 15. Nf7 Kh7) 15. Nf7 Nd8 $1 16. Nxd8 Rxd8 17. Bb3 Rd6 (17... a5 $1 $15 18. a4 Ra6) 18. Bf4 Rb6 19. Be3 Rc6 20. Ba4 (20. O-O-O $11 Bxe6 21. Rd7) 20... Rxc3 $2 {[%mdl 8192]} (20... Ra6 $15 {stays ahead.} 21. Bd7 Bxd7 22. exd7 Rd8) 21. bxc3 $18 Bxc3+ 22. Ke2 {[#] aiming for Rac1.} Bxa1 23. Rxa1 {Hoping for Bb3.} Bxe6 24. Rc1 Bxa2 25. Rc7 b5 (25... Bd5 {might work better.} 26. Bd4 (26. Rxe7 Bc4+ 27. Kd2 b5 $16) 26... Kf7) 26. Bxb5 Rb8 27. Rxa7 Rxb5 28. Rxa2 {[%mdl 4096] Endgame KRB-KR} Rb7 29. Bd4 Kf7 30. Ke3 g5 31. Rc2 Rb3+ 32. Rc3 Rxc3+ $2 (32... Rb7 33. g4 e6) 33. Bxc3 {KB-KP} Ke6 34. Kd4 h5 35. Bd2 {White mates.} Kf6 36. Kd5 h4 37. Bc3+ Kg6 38. Ke6 g4 39. Bd2 gxh3 40. gxh3 {Accuracy: White = 46%, Black = 16%.} 1-0

[Event "Hasselbacken Open 2019"]
[Site "Stockholm"]
[Date "2019.11.01"]
[Round "3.6"]
[White "Vainerchuk, Barys"]
[Black "Pantzar, Milton"]
[Result "1/2-1/2"]
[WhiteElo "2136"]
[BlackElo "2376"]
[Annotator "RC"]
[PlyCount "132"]
[EventDate "2019.11.01"]
[EventCountry "SWE"]
[SourceTitle "playchess.com"]
[Source "ChessBase"]
[SourceQuality "1"]
[TimeControl "900+5"]

1. e4 {[%emt 0:00:00]} e5 {[%emt 0:00:00]} 2. Nf3 {[%emt 0:00:00]} Nc6 {[%emt 0:00:00]} 3. Bb5 {[%emt 0:00:03]} a6 {[%emt 0:00:01]} 4. Ba4 {[%emt 0:00:02]} Nf6 {[%emt 0:00:03]} 5. O-O {[%emt 0:00:04]} Be7 {[%emt 0:00:01]} 6. Re1 {[%emt 0:00:02]} b5 {[%emt 0:00:02]} 7. Bb3 {[%emt 0:00:01]} d6 {[%emt 0:00:01]} 8. c3 {[%emt 0:00:07]} O-O {[%emt 0:00:05]} 9. h3 {[%emt 0:00:02]} Na5 {[%emt 0:00:02]} 10. Bc2 {[%emt 0:00:02]} c5 {[%emt 0:00:01]} 11. d4 {[%emt 0:00:06]} Qc7 {[%emt 0:00:02]} 12. d5 {[%emt 0:00:11]} Nc4 {[%emt 0:01:37]} 13. b3 {[%emt 0:00:52]} Nb6 {[%emt 0:00:02]} 14. Be3 {[%emt 0:00:08]} Bd7 {[%emt 0:00:27]} 15. Nbd2 {[%emt 0:00:15]} c4 {[%emt 0:00:06]} 16. bxc4 {[%emt 0:01:56]} Nxc4 {[%emt 0:00:07]} 17. Nxc4 {[%emt 0:03:19]} Qxc4 {[%emt 0:00:06]} 18. Qd3 {[%emt 0:00:59]} Rfc8 {[%emt 0:01:01]} 19. Bd2 {[%emt 0:00:19]} Qc5 {[%emt 0:00:38]} 20. Rac1 {[%emt 0:00:38]} Bd8 {[%emt 0:00:19]} 21. Bb3 {[%emt 0:00:36]} Ba5 {[%emt 0:00:17]} 22. c4 {[%emt 0:00:56]} Bxd2 {[%emt 0:00:14]} 23. Nxd2 {[%emt 0:00:02]} Nh5 {[%emt 0:00:44]} 24. Qe3 {[%emt 0:01:18]} Qxe3 {[%emt 0:00:20]} 25. fxe3 {[%emt 0:00:03]} b4 {[%emt 0:00:13]} 26. Bc2 {[%emt 0:01:16]} Nf6 {[%emt 0:00:28]} 27. Bd3 {[%emt 0:00:01]} Ba4 {[%emt 0:00:23]} 28. Bc2 {[%emt 0:00:45]} Be8 {[%emt 0:00:07]} 29. a3 {[%emt 0:00:15]} bxa3 {[%emt 0:00:20]} 30. Ra1 {[%emt 0:00:08]} Nd7 {[%emt 0:00:04]} 31. Rxa3 {[%emt 0:00:10]} Nc5 {[%emt 0:00:03]} 32. Nb3 {[%emt 0:00:28]} Nxb3 {[%emt 0:01:08]} 33. Bxb3 {[%emt 0:00:02]} a5 {[%emt 0:00:04]} 34. Rea1 {[%emt 0:00:18]} Rc5 {[%emt 0:00:02]} 35. Kf2 {[%emt 0:00:06]} f6 {[%emt 0:00:15]} 36. Kf3 {[%emt 0:00:27]} g5 {[%emt 0:00:17]} 37. Ba4 {[%emt 0:00:31]} Bxa4 {[%emt 0:01:48]} 38. Rxa4 {[%emt 0:00:01]} Kg7 {[%emt 0:00:08]} 39. Rb1 {[%emt 0:00:00]} Ra6 {[%emt 0:00:18]} 40. Rb5 {[%emt 0:00:33]} Rxb5 41. cxb5 {[%emt 0:00:01]} Ra8 {[%emt 0:00:28]} 42. b6 {[%emt 0:00:14]} Rb8 {[%emt 0:00:02]} 43. Rxa5 {[%emt 0:00:02]} Rxb6 {[%emt 0:00:01]} 44. Ra7+ {[%emt 0:00:04]} Kg6 {[%emt 0:00:12]} 45. Rd7 {[%emt 0:00:01]} h5 {[%emt 0:00:03]} 46. Rd8 {[%emt 0:00:11]} Ra6 {[%emt 0:00:27]} 47. Rg8+ {[%emt 0:00:10]} Kf7 {[%emt 0:00:07]} 48. Rh8 {[%emt 0:00:11]} Kg6 {[%emt 0:00:43]} 49. Rd8 {[%emt 0:00:02]} Rb6 {[%emt 0:00:13]} 50. Rg8+ {[%emt 0:00:02]} Kh7 {[%emt 0:00:02]} 51. Rd8 {[%emt 0:00:07]} Kg7 {[%emt 0:00:03]} 52. Rd7+ {[%emt 0:00:12]} Kg6 {[%emt 0:00:01]} 53. Rd8 {[%emt 0:00:01]} Ra6 {[%emt 0:00:24]} 54. Rg8+ {[%emt 0:00:03]} Kf7 {[%emt 0:00:02]} 55. Rh8 {[%emt 0:00:04]} h4 {[%emt 0:01:01]} 56. Rh7+ {[%emt 0:00:06]} Kg6 {[%emt 0:00:04]} 57. Rd7 {[%emt 0:00:02]} Rb6 {[%emt 0:00:40]} 58. Rd8 {[%emt 0:00:01]} Kf7 {[%emt 0:00:04]} 59. Rd7+ {[%emt 0:00:03]} Kg6 {[%emt 0:00:04]} 60. Rd8 {[%emt 0:00:01]} Ra6 {[%emt 0:00:03]} 61. Rg8+ {[%emt 0:00:12]} Kf7 {[%emt 0:00:02]} 62. Rd8 {[%emt 0:00:02]} Kg6 {[%emt 0:00:32]} 63. Rg8+ {[%emt 0:00:04]} Kf7 {[%emt 0:00:06]} 64. Rd8 {[%emt 0:00:02]} Kg6 {[%emt 0:00:22]} 65. Rg8+ {[%emt 0:00:01]} Kf7 {[%emt 0:00:01]} 66. Rd8 {[%emt 0:00:02]} Kg6 {[%emt 0:00:01]} 1/2-1/2

[Event "Hasselbacken Open 2019"]
[Site "Stockholm"]
[Date "2019.11.01"]
[Round "3.8"]
[White "Mardell, Jonas"]
[Black "Sorensen, Hampus"]
[Result "0-1"]
[WhiteElo "2083"]
[BlackElo "2330"]
[Annotator "TA"]
[PlyCount "71"]
[EventDate "2019.11.01"]
[EventCountry "SWE"]
[SourceTitle "playchess.com"]
[Source "ChessBase"]
[SourceQuality "1"]

{[%evp 9,71,-29,-37,-50,-48,-58,-15,-27,-16,-37,-12,-35,-32,-35,-21,-29,0,-21,-37,-50,-23,-39,-41,-42,-56,-40,-22,-82,1,1,1,1,3,3,3,4,24,28,27,27,24,0,0,-110,-114,-242,-255,-241,-232,-235,-205,-220,-226,-225,-203,-277,-277,-264,-255,-320,-300,-5260,-5243,-12840]} 1. e4 e5 2. f4 d5 3. exd5 exf4 4. Nf3 Nf6 5. c4 c6 6. dxc6 {C36: King's Gambit Accepted: 3 Nf3 d5} (6. d4 cxd5 7. c5 Nc6 8. Bb5 Be7 9. O-O O-O 10. Bxf4 Bg4 11. Nc3 Ne4 12. Qd3 Bf5 13. Qe3 Bf6 14. Bxc6 bxc6 15. Ne5 Bxe5 16. Bxe5 {1-0 (43) Carlsen,M (2837)-Chadaev,N (2580) Astana 2012}) 6... Nxc6 7. d4 $1 Bd6 (7... Bg4 {seems wilder.} 8. Be2 Bb4+ 9. Nc3 O-O 10. Bxf4 Ne4) 8. Be2 {The position is equal.} O-O 9. O-O Bf5 10. a3 $146 ({Predecessor:} 10. Nc3 b6 11. Nb5 a6 12. Nxd6 Qxd6 13. Kh1 Nb4 {1-0 (54) Tkachuk,N-Shepelev,B Bila Tserkva 2004}) 10... Rc8 11. Nc3 Bb8 12. b4 Ne7 13. Ne5 g5 14. Bb2 Ng6 15. Nxg6 hxg6 16. d5 Be5 17. Qd2 Re8 18. Rad1 (18. Rae1 $1 $11 {remains equal.}) 18... Bxc3 (18... Ng4 $17 {Threatens to win with ...Nxh2!} 19. d6 Ne3) 19. Qxc3 $11 (19. Bxc3 $2 Ne4 $19) 19... Rxe2 20. Qxf6 Qxf6 21. Bxf6 Rxc4 {[#] aiming for ...Rcc2.} 22. Rfe1 Rcc2 23. Rxe2 Rxe2 {[%mdl 4096] Endgame KRB-KRB} 24. d6 {d7 is the strong threat.} Bd7 25. Rc1 {Black should prevent Rc7.} Rd2 26. Be7 {[#]} (26. Bxg5 $11 {keeps the balance.} Rxd6 27. Bxf4) 26... g4 $1 $17 27. Kf1 (27. Bg5 $17 {might work better.}) 27... f3 $19 28. gxf3 gxf3 {( -> ...Bb5+)} 29. Bh4 Rxd6 (29... Rxh2 30. Bf2 $17) 30. Kf2 Bc6 31. Rc2 a6 32. a4 Rd4 ({Resist} 32... Bxa4 33. Rc8+ Kg7 34. Kxf3 $19) 33. Be7 Rg4 {White must now prevent ...Rg2+.} ({Don't do} 33... Bxa4 34. Bf6 $17) 34. Rc3 Rg2+ ({Less strong is} 34... Bxa4 35. Kxf3 f5 36. h3 $19) 35. Ke3 $2 (35. Kf1) 35... Re2+ 36. Kd4 {Accuracy: White = 39%, Black = 66%.} 0-1

[Event "Hasselbacken Open 2019"]
[Site "Stockholm"]
[Date "2019.11.01"]
[Round "3.10"]
[White "Troberg Eskola, Love"]
[Black "Torngren, Gustav"]
[Result "0-1"]
[WhiteElo "2143"]
[BlackElo "2237"]
[Annotator "TA"]
[PlyCount "58"]
[EventDate "2019.11.01"]
[EventCountry "SWE"]
[SourceTitle "playchess.com"]
[Source "ChessBase"]
[SourceQuality "1"]

{[%evp 18,124,0,-13,-2,-10,0,-16,-16,-25,-19,-59,-58,-64,-70,-138,-176,-167,-146,-130,-85,-84,-75,-95,-99,-167,-109,-122,-117,-291,-93,-299,-235,-320,-66,-358,-388,-450,-325,-302,-318,-298,-183,-187,-180,-772,-768,-6211,-6211,-6194,-6195,-5714,-5606,-5310,-5181,-2029,-65,-65,0,-1551,-613,-958,-150,-1532,-1522,-1157,-256,-487,-256,-256,-256,-255,-241,-3327,-3327,-29970,-29971,-29971,-29972,-29974,-29975,-29975,-29974,-29974,-29975,-29979,-29980,-29980,-29981,-29981,-29982,-29982,-29981,-29983,-29984,-29985,-29986,-29990,-29991,-29992,-29993,-29993,-29994,-29995,-29996,-29996,-29997,-29997,-29998]} 1. Nf3 g6 2. d4 Bg7 3. c4 c5 4. Nc3 cxd4 5. Nxd4 Nc6 6. Nc2 Nf6 7. e4 O-O 8. Be2 d6 9. O-O Nd7 10. Nd5 Nc5 {B37: Sicilian: Maroczy Bind with 5...Bg7, sidelines} 11. f3 a5 {[%cal Ba7a5,Ba5b4,Bb4b3][%mdl 32]} (11... f5 12. exf5 Bxf5 13. Nce3 Nd4 14. Nxf5 Nxf5 15. g3 e6 16. Nf4 Bd4+ 17. Kh1 Qf6 18. Rb1 a5 19. Ng2 e5 20. Bd2 g5 {½-½ (49) Ponkratov,P (2581)-Reshetnikov,A (2478) Moscow 2011}) 12. Rb1 f5 {The position is equal.} 13. exf5 Bxf5 14. Be3 $146 ({Predecessor:} 14. Bg5 Ne6 15. Be3 Bxc2 16. Qxc2 Bd4 17. Qe4 Bxe3+ 18. Qxe3 {1-0 (46) Yaver,F (1988)-Ikis,M (1920) Konya 2016}) 14... Nb4 15. Ndxb4 axb4 16. a3 (16. g4 $15 Bxc2 17. Qxc2) 16... b3 $36 {[%mdl 2048] Black has strong initiative.} 17. Nd4 Bxb1 18. Qxb1 Qd7 19. Rd1 Qa4 20. Nb5 Rac8 21. Bg5 (21. f4 $17 {was called for.}) 21... Rfe8 ({Better is} 21... Rf5 $19 22. Bd2 Re5) 22. Qc1 Nd7 23. Qd2 $2 (23. Be3 $17 {is a better defense.}) 23... Kh8 $2 (23... Nb6 $19 {is more deadly.} 24. Rc1 Kh8) 24. Rc1 $2 (24. Bh6 $17) 24... Ne5 25. Qd5 Qa8 $2 (25... Rc5 $19 26. Qe6 Nc6) 26. Bd1 $2 {[%mdl 8192]} (26. Qd1 $15) 26... Rc5 $19 27. Qe4 {[#]} Nxf3+ $1 {[%mdl 512]} 28. Bxf3 {Strongly threatening Be3.} Rxg5 29. Qe3 {[#]} Rc5 {Played: Rg5xb5} 0-1

[Event "Hasselbacken Open 2019"]
[Site "Stockholm"]
[Date "2019.11.01"]
[Round "4.1"]
[White "Torngren, Gustav"]
[Black "Mirzoev, Emil"]
[Result "0-1"]
[WhiteElo "2237"]
[BlackElo "2455"]
[Annotator "TA"]
[PlyCount "60"]
[EventDate "2019.11.01"]
[EventCountry "SWE"]
[SourceTitle "playchess.com"]
[Source "ChessBase"]
[SourceQuality "1"]

{[%evp 15,60,8,18,-6,0,0,0,0,0,-13,-7,-26,27,-10,-10,-67,-59,-72,-33,-112,-112,-115,-105,-120,-107,-110,-106,-347,-341,-527,-517,-697,-698,-939,-928,-1445,-1297,-29992,-29993,-29993,-29992,-29992,-29993,-29993,-29991,-29996,-29997]} 1. Nf3 Nf6 2. b3 g6 3. Bb2 Bg7 4. g3 d5 5. c4 dxc4 6. bxc4 c5 7. Bg2 Nc6 8. O-O O-O 9. Nc3 {A05: Réti Opening: 1 Nf3 Nf6} (9. Ne5 Na5 10. Qc2 Nd7 11. Nxd7 Bxd7 12. Bxg7 Kxg7 13. Bxb7 Nxb7 14. Qb2+ Kg8 15. Qxb7 Bh3 16. Rd1 Be6 {1-0 (38) So,W (2778)-Giri,A (2782) Leuven 2018}) 9... Rb8 10. d3 b6 11. Qd2 $146 {The position is equal.} ({Predecessor:} 11. e3 Bb7 12. Qe2 e6 13. Rfd1 Qe7 14. Rac1 Rfd8 15. d4 Na5 16. Ba3 Nd7 17. Nb5 {1-0 (70) Edouard,R (2636)-Bartel,M (2622) Berlin 2015}) 11... Bb7 12. a4 h6 13. Rfb1 e5 (13... Na5 $142) 14. h3 Nd4 15. Nxd4 (15. Bc1 $11) 15... exd4 $15 16. Nd1 Qd7 17. Ba3 (17. e4 $15) 17... Rfe8 18. a5 Bxg2 19. Kxg2 Qc6+ 20. Kg1 Re6 21. Rb5 $2 {[#]} (21. Ra2 $17) 21... Rbe8 $19 22. e3 (22. Ra2 {might work better.}) 22... dxe3 23. Nxe3 Nh5 24. Rab1 {and the idea axb6 leaves White hopeful.} Bd4 25. Nd5 Re2 {[%mdl 64] [#] Double Attack} 26. Qxh6 Bxf2+ {Black mates.} 27. Kf1 Nxg3+ 28. Kg2 Be3+ 29. Kxg3 Bxh6 30. axb6 Qd6+ {Accuracy: White = 19%, Black = 67%.} 0-1